[Event "Lions Cup Madrid"]
[Site "SchemingMind.com"]
[Date "2014.02.01"]
[Round "-"]
[White "shaqattack"]
[Black "simpet"]
[Result "0-1"]
[WhiteCountry "ENG"]
[BlackCountry "ENG"]
[WhiteElo "1515"]
[WhiteRD "72"]
[BlackElo "1641"]
[BlackRD "54"]
[GameID "347013"]

1. e4 e5 2. Nf3 Nc6 3. Bb5 Bc5 4. c3 Nf6 5. O-O O-O 6. Re1 d6 7. d4 exd4 8. cxd4 Bb6 9. Bxc6 bxc6 10. Bg5 Re8
11. Nc3 Bg4 12. e5 dxe5 13. Bxf6 Qxf6 14. dxe5 Qg6 15. h3 Bh5 16. Rc1 Qg3 17. Ne4 Qg6 18. Ng3 Rad8 19. Qe2 Bxf3 20. Qxf3 Rd3
21. Qxc6 Rf8 22. Qxg6 fxg6 23. Ne4 Rd5 24. e6 Re5 25. Kh1 Rxe6 26. Rcd1 Rfe8 27. f3 h5 28. Rd7 g5 29. g4 h4 30. Kg2 Re5
31. b3 c5 32. a4 Rd8 33. Rxd8+ Bxd8 34. Kf2 c4 35. bxc4 Bb6+ 36. Kf1 Kf7 37. Nd6+ Ke6 38. Rxe5+ Kxe5 39. Ne4 Kd4 40. Nxg5 Kxc4
41. Nf7 Bc7 42. Ng5 Kb4 43. Ne6 Be5 44. f4 Bc3 45. g5 Kxa4 46. Nxg7 Bxg7 47. f5 Kb4 48. f6 Bh8 49. Ke2 Kc5 50. Kd2 Kd5
51. Ke3 Ke5 52. f7 Bg7 53. Kf3 Kf5 54. g6 Kxg6 55. Kg4 Kxf7 56. Kxh4 a5
0-1

[Event "Lions Cup Madrid"]
[Site "SchemingMind.com"]
[Date "2014.02.06"]
[Round "-"]
[White "alexyongpohweng"]
[Black "shaqattack"]
[Result "0-1"]
[WhiteCountry "MAS"]
[BlackCountry "ENG"]
[WhiteElo "1230"]
[WhiteRD "45"]
[BlackElo "1530"]
[BlackRD "71"]
[GameID "347014"]

1. e4 c5 2. Bc4 d6 3. Qf3 e6 4. Nh3 h6 5. Bb5+ Bd7 6. Bxd7+ Nxd7 7. O-O Ngf6 8. Nc3 Be7 9. b3 O-O 10. Ne2 Ne5
11. Qc3 Nxe4 12. Qe3 Ng5 13. f4 Nxh3+ 14. gxh3 Nc6 15. Bb2 Bh4 16. Ng3 Nb4 17. Qc3 Bf6 18. Qe3 Nxc2 19. Qf3 Nxa1 20. Bxa1 Bxa1
21. Rxa1 Qb6 22. d3 c4+ 23. Kf1 cxd3 24. Qxd3 Qa6 25. Qxa6 bxa6 26. Ke2 Rab8 27. Kd3 Rfc8 28. Kd2 d5 29. Kd3 Rb4 30. Kd2 Rxf4
31. Ne2 Rf2 32. Kd3 Rxh2 33. Nf4 g5 34. Ne2 Rxh3+ 35. Kd2 e5 36. Rf1 Rh2 37. Re1 f5 38. Kd1 d4 39. Kd2 e4 40. Kd1 d3
41. Nd4 Rxa2 42. Nxf5 Ra1+ 43. Kd2 Rc2+
0-1

[Event "Lions Cup Madrid"]
[Site "SchemingMind.com"]
[Date "2014.02.04"]
[Round "-"]
[White "emvarela"]
[Black "shaqattack"]
[Result "1/2-1/2"]
[WhiteCountry "ARG"]
[BlackCountry "ENG"]
[WhiteElo "1753"]
[WhiteRD "48"]
[BlackElo "1600"]
[BlackRD "67"]
[GameID "347015"]

1. e4 c5 2. Nf3 d6 3. d4 cxd4 4. Nxd4 Nf6 5. Nc3 g6 6. Be3 Bg7 7. Be2 O-O 8. Qd2 Nc6 9. O-O-O Nxd4 10. Bxd4 e5
11. Be3 Ng4 12. Bxg4 Bxg4 13. f3 Be6 14. Qxd6 Qxd6 15. Rxd6 a6 16. Rhd1 Bf6 17. Nd5 Bxd5 18. R1xd5 Bg7 19. Bb6 Rac8 20. Rd7 Rc6
21. Rxb7 Rfc8 22. c3 Re6 23. Rbd7 Rxb6 24. Rd8+ Rxd8 25. Rxd8+ Bf8 26. b4 Kg7 27. Rd5 Kf6 28. Kc2 Rc6 29. Kb3 h5 30. c4 Bd6
31. c5 Bc7 32. a4 Bb8 33. b5 axb5 34. axb5 Rc8 35. Kb4 Ke7 36. b6 Rd8 37. Rxd8 Kxd8 38. Kb5 f5 39. c6 fxe4 40. fxe4 Bd6
41. c7+ Bxc7 42. bxc7+ Kxc7 43. Kc5 Kd8 44. Kd5 Ke7 45. Kxe5 h4 46. Kd5 g5 47. e5 g4 48. e6 g3 49. hxg3 hxg3 50. Ke5 Ke8
51. Kf4 Ke7 52. Kxg3 Kxe6 53. Kh4 Kf6 54. Kh5 Kg7 55. g4 Kh7 56. g5 Kg7 57. g6 Kg8 58. Kh6 Kh8 59. Kg5= Kg7 60. Kf5 Kg8=
1/2-1/2

[Event "Lions Cup Madrid"]
[Site "SchemingMind.com"]
[Date "2014.02.03"]
[Round "-"]
[White "Scooter"]
[Black "shaqattack"]
[Result "0-1"]
[WhiteCountry "USA"]
[BlackCountry "ENG"]
[WhiteElo "1705"]
[WhiteRD "45"]
[BlackElo "1515"]
[BlackRD "72"]
[GameID "347016"]

1. d4 Nf6 2. Nf3 e6 3. Bg5 h6 4. Bxf6 Qxf6 5. e3 d6 6. Be2 b6 7. O-O Bb7 8. Nbd2 Nc6 9. a3 O-O-O 10. c4 d5
11. cxd5 exd5 12. Bb5 Be7 13. Qa4 Rhe8 14. Bxc6 Bxc6 15. Qxa7 Bd6 16. Qa6+ Bb7 17. Qd3 g6 18. a4 Kd7 19. Rfc1 Ra8 20. Qb5+ Kd8
21. a5 Ba6 22. Qc6 Ke7 23. axb6 cxb6 24. Qxb6 Bxh2+
0-1

[Event "Lions Cup Madrid"]
[Site "SchemingMind.com"]
[Date "2014.02.01"]
[Round "-"]
[White "eun77"]
[Black "shaqattack"]
[Result "1-0"]
[WhiteCountry "ISR"]
[BlackCountry "ENG"]
[WhiteElo "1550"]
[WhiteRD "60"]
[BlackElo "1600"]
[BlackRD "67"]
[GameID "347017"]

1. d4 Nf6 2. e3 e6 3. Nf3 Be7 4. Be2 h6 5. O-O O-O 6. b3 b6 7. h3 Bb7 8. Ba3 Bxa3 9. Nxa3 Ne4 10. Qe1 d6
11. Bd3 d5 12. Bxe4 dxe4 13. Nh2 Nc6 14. c3 Ba6 15. c4 Ne7 16. Qd2 e5 17. b4 exd4 18. exd4 c5 19. d5 Nxd5 20. b5 e3
21. fxe3 Nxe3 22. Qxd8 Raxd8 23. bxa6 Nxf1 24. Rxf1 Rd2 25. Rf2 Rxf2 26. Kxf2 Rd8 27. Nf3 f6 28. Ke2 Kf7 29. Nb5 Rd7 30. Nd2 g5
31. Ne4 Re7 32. Kd3 Rd7+ 33. Ke2 f5 34. Ned6+ Kg6 35. g3 h5 36. Nc8 f4 37. gxf4 gxf4 38. Ncxa7 Kg5 39. Nc6
1-0

[Event "Lions Cup Madrid"]
[Site "SchemingMind.com"]
[Date "2014.02.03"]
[Round "-"]
[White "kubinet"]
[Black "shaqattack"]
[Result "0-1"]
[WhiteCountry "GER"]
[BlackCountry "ENG"]
[WhiteElo "1188"]
[WhiteRD "45"]
[BlackElo "1524"]
[BlackRD "69"]
[GameID "347018"]

1. e4 c5 2. Nf3 d6 3. d4 cxd4 4. Nxd4 Nf6 5. Nc3 Nc6 6. Bg5 Nxd4 7. Qxd4 Qa5 8. Bb5+ Bd7 9. Bxf6 exf6 10. Bxd7+ Kxd7
11. O-O-O Be7 12. Kb1 Rac8 13. Rd3 Qc5 14. Qa4+ Rc6 15. f3 a6 16. Rhd1 Rb8 17. Rd5 Qf2 18. R5d2 Qb6 19. Nd5 Qb5 20. Qxb5 axb5
21. g3 h5 22. Nc3 Rc5 23. f4 g5 24. Nd5 b6
0-1

[Event "Lions Cup Madrid"]
[Site "SchemingMind.com"]
[Date "2014.02.01"]
[Round "-"]
[White "simpet"]
[Black "shaqattack"]
[Result "1-0"]
[WhiteCountry "ENG"]
[BlackCountry "ENG"]
[WhiteElo "1641"]
[WhiteRD "54"]
[BlackElo "1515"]
[BlackRD "72"]
[GameID "347019"]

1. e4 c5 2. Bc4 d6 3. Nf3 Nf6 4. Ng5 e6 5. Nc3 h6 6. Nf3 Nc6 7. a3 Be7 8. O-O O-O 9. d4 cxd4 10. Nxd4 Nxd4
11. Qxd4 e5 12. Qd1 a6 13. f4 b5 14. Ba2 Bb7 15. Qd3 Rc8 16. Qg3 Rxc3 17. Qxc3 Nxe4 18. Qh3 Bc8 19. f5 Bg5 20. Qd3 Qb6+
21. Kh1 Nf2+ 22. Rxf2 Qxf2 23. Bxg5 hxg5 24. Rf1 Qb6 25. f6 d5 26. Qxd5 Be6 27. Qxe5 Bxa2 28. Qxg5 Qxf6 29. Rxf6 Re8 30. h4 Be6
31. h5 Kf8 32. Rf3 f6 33. h6 gxh6 34. Qxh6+ Ke7 35. Qxf6+ Kd7 36. Rd3+ Kc8 37. Rc3+ Kd7 38. Qd4+ Ke7 39. Rc7+ Kf8 40. Qf6+
1-0

[Event "Lions Cup Madrid"]
[Site "SchemingMind.com"]
[Date "2014.02.06"]
[Round "-"]
[White "bobbyg"]
[Black "alexyongpohweng"]
[Result "1-0"]
[WhiteCountry "USA"]
[BlackCountry "MAS"]
[WhiteElo "1470"]
[WhiteRD "104"]
[BlackElo "1303"]
[BlackRD "45"]
[GameID "347049"]

1. e4 e5 2. Nf3 d6 3. d4 exd4 4. Bc4 c6 5. Nxd4 Qh4 6. Nc3 Qf6 7. O-O b5 8. Ndxb5 cxb5 9. Bxb5+ Bd7 10. Nd5 Qd8
11. Bd3 Nc6 12. Bb5 Rc8 13. Ba4 Be7 14. Bd2 Nf6 15. Nxf6+ Bxf6 16. Bc3 O-O 17. Qd2 Bxc3 18. bxc3 Ne5 19. Qxd6 Nc4 20. Qxd7 Qxd7
21. Bxd7 Rcd8 22. Bb5 Nd6 23. Bd3 Nb7 24. c4 Nd6 25. Rfb1 Nc8 26. Rb7 Rfe8 27. f3 a5 28. Rab1 Nd6 29. R7b6 Nc8 30. Ra6 Re5
31. f4 Re7 32. Rxa5 Ree8 33. e5 Re6 34. Ra8 Ree8 35. c5 Ne7 36. Ra6 Nc8 37. c6 Re6 38. Rb8 Ree8 39. c7 Rd7 40. Bb5
1-0

[Event "Lions Cup Madrid"]
[Site "SchemingMind.com"]
[Date "2014.02.04"]
[Round "-"]
[White "bobbyg"]
[Black "emvarela"]
[Result "0-1"]
[WhiteCountry "USA"]
[BlackCountry "ARG"]
[WhiteElo "1470"]
[WhiteRD "104"]
[BlackElo "1732"]
[BlackRD "45"]
[GameID "347050"]

1. e4 e5 2. Nf3 Nc6 3. d4 exd4 4. Nxd4 Nxd4 5. Qxd4 d6 6. Be3 Nf6 7. Nc3 Be7 8. f3 O-O 9. O-O-O c5 10. Qd2 Be6
11. Nd5 Bxd5 12. exd5 Qb6 13. Bd3 Nxd5 14. Bf2 Bf6 15. b3 Nc3 16. Rde1 Nxa2+ 17. Kd1 Nc3+ 18. Kc1 Qa5 19. Qe3 Na2+ 20. Kd1 Nc3+
21. Kc1 Qa3+ 22. Kd2 Nd5 23. Ra1 Bxa1 24. Qe4 Bc3+ 25. Ke2 Rfe8
0-1

[Event "Lions Cup Madrid"]
[Site "SchemingMind.com"]
[Date "2014.02.03"]
[Round "-"]
[White "bobbyg"]
[Black "Scooter"]
[Result "0-1"]
[WhiteCountry "USA"]
[BlackCountry "USA"]
[WhiteElo "1418"]
[WhiteRD "118"]
[BlackElo "1731"]
[BlackRD "46"]
[GameID "347051"]

1. d4 Nf6 2. c4 g6 3. Nf3 Bg7 4. Nc3 O-O 5. e4 d6 6. e5 dxe5 7. Nxe5 e6 8. Bg5 Nbd7 9. Ng4 c6 10. h4 h6
11. Nxh6+ Bxh6 12. Bxh6 Re8 13. Bg5 Qb6 14. b3 Qb4 15. Bd2 Qd6 16. Ne2 Ne4 17. Be3 b6 18. f3 Nef6 19. c5 Qe7 20. g4 Nd5
21. Bd2 e5 22. Nc3 Nxc3 23. Qc1 exd4+ 24. Kf2 Ne2 25. Bg5 Nxc1 26. Rxc1 f6
0-1

[Event "Lions Cup Madrid"]
[Site "SchemingMind.com"]
[Date "2014.02.02"]
[Round "-"]
[White "bobbyg"]
[Black "shaqattack"]
[Result "0-1"]
[WhiteCountry "USA"]
[BlackCountry "ENG"]
[WhiteElo "1431"]
[WhiteRD "117"]
[BlackElo "1515"]
[BlackRD "72"]
[GameID "347052"]

1. d4 Nf6 2. c4 e6 3. Nf3 Bb4+ 4. Nc3 Bxc3+ 5. bxc3 O-O 6. Ba3 d6 7. c5 dxc5 8. Bxc5 Re8 9. Qc2 b6 10. Bb4 Bb7
11. Ng5 h6 12. Nf3 Bxf3 13. exf3 Nc6 14. Rd1 Nxb4 15. cxb4 Nd5 16. Bb5 Re7 17. O-O Nxb4 18. Qd2 Nd5 19. Qb2 a5 20. Qd2 Nb4
21. a3 Nd5 22. Bc6 Rb8 23. f4 Qd6 24. Bb5 Nxf4 25. Qc2 Qd5 26. f3 Qxb5 27. Rfe1 Qg5 28. Re4 Nh3+ 29. Kh1 Nf4 30. g4 f5
31. d5 fxe4 32. Qxe4 exd5 33. Rxd5 Rxe4 34. Rxg5 Re1#
0-1

[Event "Lions Cup Madrid"]
[Site "SchemingMind.com"]
[Date "2014.02.05"]
[Round "-"]
[White "bobbyg"]
[Black "eun77"]
[Result "1-0"]
[WhiteCountry "USA"]
[BlackCountry "ISR"]
[WhiteElo "1509"]
[WhiteRD "104"]
[BlackElo "1371"]
[BlackRD "53"]
[GameID "347053"]

1. e4 e5 2. Nf3 d6 3. Nc3 c6 4. Bc4 h6 5. d3 Nf6 6. O-O Be7 7. h3 O-O 8. d4 exd4 9. Qxd4 Nh7 10. Bf4 Bg5
11. Nxg5 Nxg5 12. e5 dxe5 13. Qxe5 Qf6 14. Qxf6 gxf6 15. Bd6 Rd8 16. Be7 Re8 17. Bxf6 Na6 18. Rfe1 Rxe1+ 19. Rxe1 Be6 20. b3 Bxc4
21. bxc4 Nh7 22. Bh4 Kf8 23. Be7+ Kg7 24. Ba3 Nc7 25. Re7 Ne6 26. Bb2 Rb8 27. Ne4+ Kf8 28. Ba3 Kg8 29. Nd6 Nd8 30. Re8+ Kg7
31. Bb2+ Kg6 32. Be5 f6 33. Rg8+ Kh5 34. g4+ Kh4 35. Nf5+ Kxh3 36. Bxb8 Ne6 37. Nxh6 Nhg5 38. Bg3 Nd4 39. Nf5 Ndf3+ 40. Kf1 Kxg4
41. Ne3+ Kh3 42. Rh8+
1-0

[Event "Lions Cup Madrid"]
[Site "SchemingMind.com"]
[Date "2014.02.03"]
[Round "-"]
[White "bobbyg"]
[Black "kubinet"]
[Result "1-0"]
[WhiteCountry "USA"]
[BlackCountry "GER"]
[WhiteElo "1470"]
[WhiteRD "104"]
[BlackElo "1188"]
[BlackRD "45"]
[GameID "347054"]

1. e4 c5 2. Nf3 d6 3. Nc3 Nc6 4. d4 cxd4 5. Nxd4 Bd7 6. h3 Nf6 7. f3 g6 8. Nxc6 bxc6 9. g4 h6 10. Rg1 Bg7
11. Bc4 e6 12. Qe2 Qb6 13. a3 O-O 14. Na4 Qc7 15. b4 Rab8 16. g5 hxg5 17. Nc3
1-0

[Event "Lions Cup Madrid"]
[Site "SchemingMind.com"]
[Date "2014.02.02"]
[Round "-"]
[White "bobbyg"]
[Black "simpet"]
[Result "0-1"]
[WhiteCountry "USA"]
[BlackCountry "ENG"]
[WhiteElo "1431"]
[WhiteRD "117"]
[BlackElo "1641"]
[BlackRD "54"]
[GameID "347055"]

1. e4 e5 2. Nf3 Nc6 3. Bc4 Bc5 4. d4 exd4 5. c3 dxc3 6. Nxc3 Nf6 7. e5 Ng4 8. Bg5 Bxf2+ 9. Kd2 Ne7 10. Qa4 O-O
11. h3 Ne3 12. Bxe3 Bxe3+ 13. Kxe3 Nf5+ 14. Kf2 c6 15. Bd3 Qb6+ 16. Nd4 Nxd4 17. Rab1 Nc2+ 18. Kg3 Qe3+ 19. Kh4 Qxd3 20. Rhd1 Qf5
21. Rf1 Qxe5 22. Qxc2 g5+ 23. Kg4 d5+
0-1

[Event "Lions Cup Madrid"]
[Site "SchemingMind.com"]
[Date "2014.02.06"]
[Round "-"]
[White "alexyongpohweng"]
[Black "bobbyg"]
[Result "0-1"]
[WhiteCountry "MAS"]
[BlackCountry "USA"]
[WhiteElo "1294"]
[WhiteRD "47"]
[BlackElo "1475"]
[BlackRD "103"]
[GameID "347056"]

1. e4 e5 2. Qh5 Qe7 3. Nf3 Nf6 4. Qxe5 Qxe5 5. Nxe5 Bd6 6. Nf3 Nxe4 7. Be2 Nc6 8. O-O Bc5 9. d3 Nxf2 10. Rxf2 Bxf2+
11. Kxf2 Ne7 12. Nc3 c6 13. Bg5 f6 14. Be3 b6 15. Bd2 O-O 16. d4 d5 17. h3 Nf5 18. Nh2 Nxd4 19. Bf3 Nxc2 20. Rc1 Nd4
21. Ke1 Re8+ 22. Kf2 Nxf3 23. Nxf3 Ba6 24. Nd1 Rad8 25. Nd4 c5 26. Nf3 d4 27. Bf4 Be2 28. Bc7 Rd7 29. Bf4 g5 30. Bh2 Bd3
31. b3 Be2 32. Nb2 Bxf3 33. gxf3 Re3 34. Nc4 Rc3 35. Rb1 d3 36. Rd1 b5 37. Na3 d2 38. Ke2 Rc1 39. Rxd2 Rxd2+ 40. Kxd2 Rh1
41. Bd6 Rxh3 42. Bxc5 a6 43. Ke2 Rh2+ 44. Ke3 Kf7 45. Bb4 Rxa2 46. Kd4 Re2 47. Kd3 Re5 48. Kd4 Kg6 49. Nc2 h5 50. Ne3 h4
51. Ng4 Re2 52. Kc5 Rc2+ 53. Kb6 Re2 54. Kxa6 f5 55. Kxb5 fxg4 56. fxg4 Re4 57. Bd2 Rxg4 58. b4 h3
0-1

[Event "Lions Cup Madrid"]
[Site "SchemingMind.com"]
[Date "2014.02.05"]
[Round "-"]
[White "emvarela"]
[Black "bobbyg"]
[Result "1-0"]
[WhiteCountry "ARG"]
[BlackCountry "USA"]
[WhiteElo "1753"]
[WhiteRD "48"]
[BlackElo "1475"]
[BlackRD "103"]
[GameID "347057"]

1. e4 c5 2. Nf3 d6 3. d4 cxd4 4. Nxd4 e5 5. Nb3 Nf6 6. Nc3 a6 7. Bg5 Be7 8. Bxf6 Bxf6 9. Bc4 Be6 10. Bxe6 fxe6
11. Qd3 O-O 12. O-O-O Bg5+ 13. Kb1 Rxf2 14. Qxd6 Nc6 15. Qxd8+ Bxd8 16. Rd2 Rxd2 17. Nxd2 b5 18. Ne2 Nd4 19. Nxd4 Kf7 20. Nc6 Bf6
21. Rf1 Kg8 22. Nf3 Bd8 23. Nxd8 Rxd8 24. Nxe5 Rd2 25. Nc6 h6 26. b3 Rxg2 27. e5 Rxh2 28. Nd4 g5 29. Nxe6 Kh7 30. Nc7 Re2
31. e6 g4 32. Nxa6 Rxe6 33. Nc5 Re3 34. Nd3 Rf3 35. Rxf3 gxf3 36. a4 bxa4 37. bxa4 Kg6 38. a5
1-0

[Event "Lions Cup Madrid"]
[Site "SchemingMind.com"]
[Date "2014.02.04"]
[Round "-"]
[White "Scooter"]
[Black "bobbyg"]
[Result "1-0"]
[WhiteCountry "USA"]
[BlackCountry "USA"]
[WhiteElo "1705"]
[WhiteRD "45"]
[BlackElo "1431"]
[BlackRD "117"]
[GameID "347058"]

1. d4 d5 2. Nf3 Nf6 3. Bf4 Bf5 4. e3 Ne4 5. Bd3 f6 6. Bxe4 dxe4 7. Nfd2 g5 8. Bg3 Nc6 9. c3 Qd7 10. O-O O-O-O
11. a3 e5 12. b4 h5 13. h3 exd4 14. cxd4 g4 15. h4 Bd6 16. Nc3 Be7 17. Ndxe4 Nxd4 18. exd4 Qxd4 19. Qxd4 Rxd4 20. f3 c6
21. Rfe1 gxf3 22. gxf3 b6 23. Nf2 a5 24. Rxe7
1-0

[Event "Lions Cup Madrid"]
[Site "SchemingMind.com"]
[Date "2014.02.02"]
[Round "-"]
[White "shaqattack"]
[Black "bobbyg"]
[Result "1-0"]
[WhiteCountry "ENG"]
[BlackCountry "USA"]
[WhiteElo "1515"]
[WhiteRD "72"]
[BlackElo "1431"]
[BlackRD "117"]
[GameID "347059"]

1. e4 c5 2. Nf3 d6 3. d4 cxd4 4. Nxd4 Nf6 5. Nc3 g6 6. Be3 a6 7. Bc4 Nc6 8. Nxc6 bxc6 9. h3 e5 10. O-O d5
11. exd5 Bb4 12. dxc6 Bxc3 13. Qxd8+ Kxd8 14. Bb6+ Ke7 15. bxc3 a5 16. c7 Nd7 17. Be3 Nf6 18. Rad1 Ba6 19. Bc5+ Ke8 20. Bxa6 Rd8
21. cxd8=Q#
1-0

[Event "Lions Cup Madrid"]
[Site "SchemingMind.com"]
[Date "2014.02.02"]
[Round "-"]
[White "eun77"]
[Black "bobbyg"]
[Result "1-0"]
[WhiteCountry "ISR"]
[BlackCountry "USA"]
[WhiteElo "1646"]
[WhiteRD "70"]
[BlackElo "1470"]
[BlackRD "104"]
[GameID "347060"]

1. c4 Nf6 2. d3 c6 3. e4 e5 4. Nf3 d6 5. h3 c5 6. Be2 Nc6 7. O-O h6 8. Nh2 Nd4 9. Be3 Nxe2+ 10. Qxe2 g5
11. g4 h5 12. f3 Bh6 13. gxh5 Bxh3 14. Rf2 O-O 15. Ng4 Nxh5 16. Nxh6+ Kh7 17. Nf5 Bxf5 18. exf5 Kg7 19. Rh2 Nf4 20. Bxf4 exf4
21. Nc3 Re8 22. Qf2 Rh8 23. Rxh8 Qxh8 24. Qh2 Qe8 25. Nd5 Qd7 26. f6+ Kg6 27. Kf2 b5 28. Rh1
1-0

[Event "Lions Cup Madrid"]
[Site "SchemingMind.com"]
[Date "2014.02.04"]
[Round "-"]
[White "kubinet"]
[Black "bobbyg"]
[Result "0-1"]
[WhiteCountry "GER"]
[BlackCountry "USA"]
[WhiteElo "1188"]
[WhiteRD "45"]
[BlackElo "1470"]
[BlackRD "104"]
[GameID "347061"]

1. e4 c5 2. Nf3 d6 3. d4 cxd4 4. Nxd4 e5 5. Nb3 Nf6 6. Nc3 Bd7 7. Be2 b6 8. O-O Qc8 9. Bg5 Be7 10. Bxf6 Bxf6
11. Nd5 Bg5 12. c3 f5 13. f3 Be6 14. Bb5+ Nc6 15. Nb4 O-O 16. Qxd6 Na5
0-1

[Event "Lions Cup Madrid"]
[Site "SchemingMind.com"]
[Date "2014.02.02"]
[Round "-"]
[White "simpet"]
[Black "bobbyg"]
[Result "1-0"]
[WhiteCountry "ENG"]
[BlackCountry "USA"]
[WhiteElo "1641"]
[WhiteRD "54"]
[BlackElo "1431"]
[BlackRD "117"]
[GameID "347062"]

1. e4 e5 2. Bc4 Nf6 3. Nc3 Bc5 4. Nf3 Nc6 5. a3 a6 6. d3 O-O 7. O-O b5 8. Ba2 d5 9. exd5 Nd4 10. Nxe5 b4
11. axb4 Bxb4 12. Bg5 Bxc3 13. bxc3 Nf5 14. c4 Qd6 15. d4 Ne4 16. Bf4 g5 17. Re1 Nc3 18. Qf3 Nxa2 19. Rxa2 gxf4 20. Qxf4 Qb4
21. Ng4 Qb1 22. Rxb1 Nd6 23. c5
1-0